Lives of the painters, sculptors and architects / (Record no. 160843)

MARC details
000 -LEADER
fixed length control field 01122nam a2200289 a 4500
008 - FIXED-LENGTH DATA ELEMENTS--GENERAL INFORMATION
fixed length control field
020 ## - INTERNATIONAL STANDARD BOOK NUMBER
International Standard Book Number 1857157818 (v.2)
090 ## - LOCALLY ASSIGNED LC-TYPE CALL NUMBER (OCLC); LOCAL CALL NUMBER (RLIN)
Classification number (OCLC) (R) ; Classification number, CALL (RLIN) (NR) N6915
Local cutter number (OCLC) ; Book number/undivided call number, CALL (RLIN) VAS
003 - CONTROL NUMBER IDENTIFIER
control field
005 - DATE AND TIME OF LATEST TRANSACTION
control field 20230123134138.0
040 ## - CATALOGING SOURCE
Transcribing agency NUST
049 ## - LOCAL HOLDINGS (OCLC)
Holding library MAIN
100 1# - MAIN ENTRY--PERSONAL NAME
Personal name Vasari, Giorgio.
240 10 - UNIFORM TITLE
Uniform title Vite de' pi�u eccellenti architetti, pittori et scultori italiani.
Language of a work English.
Form subheading Selections.
245 10 - TITLE STATEMENT
Title Lives of the painters, sculptors and architects /
Statement of responsibility, etc. Giorgio Vasari ; translated by Gaston du C. de Vere ; with an introduction and notes by David Ekserdjian.
260 ## - PUBLICATION, DISTRIBUTION, ETC.
Place of publication, distribution, etc. London :
Name of publisher, distributor, etc. D. Campbell :
-- Distributed by Random House (UK),
Date of publication, distribution, etc. 1996.
300 ## - PHYSICAL DESCRIPTION
Extent x, 2 v. :
Other physical details ill. ;
Dimensions 21 cm.
490 0# - SERIES STATEMENT
Series statement Everyman's library (Series)
500 ## - GENERAL NOTE
General note "Translation by Gaston de Vere first published in 1912"--T.p. verso.
504 ## - BIBLIOGRAPHY, ETC. NOTE
Bibliography, etc. note Includes bibliographical references and indexes.
650 #0 - SUBJECT ADDED ENTRY--TOPICAL TERM
Topical term or geographic name entry element Artists
Geographic subdivision Italy
General subdivision Biography.
650 #0 - SUBJECT ADDED ENTRY--TOPICAL TERM
Topical term or geographic name entry element Art, Italian.
650 #0 - SUBJECT ADDED ENTRY--TOPICAL TERM
Topical term or geographic name entry element Art, Renaissance
Geographic subdivision Italy.
700 1# - ADDED ENTRY--PERSONAL NAME
Personal name De Vere, Gaston du C.
907 ## - LOCAL DATA ELEMENT G, LDG (RLIN)
a .b10185392
b 08-05-12
c 13-01-06
942 ## - ADDED ENTRY ELEMENTS (KOHA)
Koha item type Ordinary Loan Books
Call number prefix N6915
Call number suffix VAS
Holdings
Date last seen Total Checkouts Full call number Barcode Cost, replacement price Price effective from Koha item type Lost status Source of classification or shelving scheme Damaged status Not for loan Collection Withdrawn status Home library Current library Shelving location Date acquired Cost, normal purchase price
01/23/2023   N6915 VAS 92003029171 80.00 01/23/2023 BOOKS   LCC     NFIC   MAIN MAIN GEN 01/23/2023 80.00